[Event "Sterlitamak-ch U16 Girls 2"]
[Site "Sterlitamak"]
[Date "2016.08.20"]
[Round "7"]
[White "Chemborisova, Elina"]
[Black "Sukhanova, Taisia"]
[Result "1/2-1/2"]
[WhiteElo "1550"]
[BlackElo "1764"]
[PlyCount "78"]
[EventDate "2016.08.17"]
[EventType "tourn"]
[EventRounds "9"]
[EventCountry "RUS"]
[SourceTitle "EXT 2022"]
[Source "ChessBase"]
[SourceDate "2021.10.06"]
[SourceVersion "1"]
[SourceVersionDate "2021.10.06"]
[SourceQuality "1"]

1. e4 e5 2. Nf3 Nf6 3. Nxe5 d6 4. Nf3 Nxe4 5. d3 Nf6 6. d4 d5 7. c4 Nc6 8. Nc3 Bg4 9. Be3 dxc4 10. Be2 Rb8 11. h3 Be6 12. Qa4 Bb4 13. Ne5 Bxc3+ 14. bxc3 b5 15. Qa3 Qe7 16. Qb2 Bd5 17. Nxc6 Bxc6 18. Bxc4 0-0 19. Be2 Nd5 20. 0-0 Nxe3 21. fxe3 Qxe3+ 22. Kh2 Rfe8 23. Bg4 Qe7 24. Qb3 Qd6+ 25. Kg1 Bd5 26. Qc2 Re3 27. Rae1 Rg3 28. Rf2 Qc6 29. Qd2 Qxc3 30. Qe2 g6 31. Qe5 Bc6 32. Rd1 Re8 33. Qxc7 Bd5 34. Qd6 Qc6 35. Qd7 Ra8 36. Qe7 Re8 37. Qd7 Ra8 38. Qe7 Re8 39. Qd7 Ra8 1/2-1/2

[Event "Sterlitamak-ch U16 Girls 2"]
[Site "Sterlitamak"]
[Date "2016.08.20"]
[Round "8"]
[White "Sukhanova, Taisia"]
[Black "Murtazina, Enzhe"]
[Result "0-1"]
[WhiteElo "1764"]
[BlackElo "1168"]
[PlyCount "70"]
[EventDate "2016.08.17"]
[EventType "tourn"]
[EventRounds "9"]
[EventCountry "RUS"]
[SourceTitle "EXT 2022"]
[Source "ChessBase"]
[SourceDate "2021.10.06"]
[SourceVersion "1"]
[SourceVersionDate "2021.10.06"]
[SourceQuality "1"]

1. e4 e5 2. Nf3 Nc6 3. d4 exd4 4. Bc4 Nf6 5. e5 Ne4 6. 0-0 d5 7. Bb5 Bd7 8. Bxc6 Bxc6 9. Nxd4 Bc5 10. Be3 Bxd4 11. Bxd4 Qd7 12. Be3 0-0-0 13. Qd4 b6 14. b4 Qf5 15. a4 f6 16. exf6 gxf6 17. b5 Bd7 18. f3 Ng5 19. Nc3 Be6 20. Qf4 Qxc2 21. Rfc1 Qg6 22. Qg3 Rhg8 23. Nxd5 Rd7 24. Nf4 Qg7 25. Rc6 Bb3 26. Nh5 Qe7 27. Bxg5 Rxg5 28. Qh3 Qe5 29. f4 Qxa1+ 30. Kf2 Qd4+ 31. Ke1 Qd2+ 32. Kf1 Rgd5 33. Qxb3 Re7 34. Qb1 Qe2+ 35. Kg1 Rd1+ 0-1

[Event "Tuimazy RB-ch Girls 00/01"]
[Site "Tuimazy"]
[Date "2015.08.18"]
[Round "4"]
[White "Sukhanova, Taisia"]
[Black "Galeeva, Endzhe"]
[Result "1/2-1/2"]
[WhiteElo "1716"]
[BlackElo "1573"]
[PlyCount "117"]
[EventDate "2015.08.18"]
[EventType "tourn"]
[EventRounds "7"]
[EventCountry "RUS"]
[SourceTitle "EXT 2022"]
[Source "ChessBase"]
[SourceDate "2021.10.06"]
[SourceVersion "1"]
[SourceVersionDate "2021.10.06"]
[SourceQuality "1"]

1. e4 c6 2. d4 d5 3. Nc3 dxe4 4. Nxe4 Bf5 5. Ng3 Bg6 6. Nf3 Nd7 7. Be2 e6 8. a3 Bd6 9. c4 Ngf6 10. 0-0 0-0 11. c5 Bc7 12. Re1 e5 13. Bd3 Bxd3 14. Qxd3 Nxc5 15. Qc2 e4 16. dxc5 exf3 17. gxf3 Qd5 18. Qc3 Rfe8 19. Bd2 Be5 20. Qb4 Rad8 21. Bc3 Bxg3 22. hxg3 Qxf3 23. Bxf6 gxf6 24. Qxb7 Rxe1+ 25. Rxe1 Rd2 26. Qb8+ Kg7 27. Qf4 Qxf4 28. gxf4 Rxb2 29. Re7 Rb5 30. Rxa7 Rxc5 31. Kg2 Rc3 32. a4 Ra3 33. a5 c5 34. a6 c4 35. Rc7 Rxa6 36. Rxc4 Kg6 37. Rc5 f5 38. Rc8 Ra3 39. Rg8+ Kh6 40. Rg5 Ra5 41. Kg3 f6 42. Rg8 Ra3+ 43. f3 Ra1 44. Kh2 Kh5 45. Rg2 h6 46. Rg1 Ra3 47. Rg3 Ra4 48. Rh3+ Kg6 49. Kg3 h5 50. Rh2 Rd4 51. Rg2 Kh6 52. Re2 h4+ 53. Kxh4 Rxf4+ 54. Kg3 Ra4 55. Re8 f4+ 56. Kg4 Kg6 57. Re6 Kf7 58. Re4 Ra5 59. Kxf4 1/2-1/2